| 000 | 00443nam a22001697a 4500 | ||
|---|---|---|---|
| 005 | 20160625121808.0 | ||
| 008 | 160625b xxu||||| |||| 00| 0 eng d | ||
| 020 | _a81-229-0170-0 | ||
| 041 | _aeng | ||
| 082 | _b10191 | ||
| 100 |
_aDemers, David and Kilswanath, K _92772 |
||
| 245 | _aMass Media Social Control and Social Change | ||
| 260 |
_bSurjeet Publication _c2004 |
||
| 300 | _a431 | ||
| 650 |
_aMass Communication _92660 |
||
| 942 | _cBK | ||
| 999 |
_c4008 _d4007 |
||